| 000 | 00495nam a22001457a 4500 | ||
|---|---|---|---|
| 999 |
_c11872 _d11872 |
||
| 008 | 230905b ||||| |||| 00| 0 eng d | ||
| 020 | _a9780323524599 | ||
| 082 |
_28th ed. _aWY100.1K9601s2019 |
||
| 100 | _aKumagai, Candice.- | ||
| 245 |
_aFoundations and Adult Health Nursing : _bStudy Guide Cooper and Gosnell / _cCandice Kumagai |
||
| 260 |
_aU.S.A : _bElsevier, _cc2019. |
||
| 300 |
_av,383p.; _bill. _c27cm. |
||
| 650 |
_vNursing _xPractical nursing _yNursing--Examinations |
||
| 942 |
_2ddc _cBOOK |
||